00493 2200193 4500001002100000005001500021008004100036020002500077035001900102041000700121082000800128090001400136100001600150245003800166260004200204300002000246500001100266650002200277INLIS00000000000316220241224112654241224||||||||| | ||| |||| || |  a13 : 978-979-605-711 0010-1224003162 aid0 a813 a813 BLY k0 aEnid Blyton00aLima Sekawan : Ke Bukit Billycock aJakartabGramedia Pustaka Utamac2007 a192 hlm.;18 cm. aCet.11 0aIlmu Kesusastraan